000 00278nam a22001337a 4500
008 170406b xxu||||| |||| 00| 0 eng d
020 _a9780716749479
041 _aeng
080 _a575
100 _a9
101 _aSHM
245 _aIMMUNOLOGY
_cGOLDSBY.R.A
942 _2udc
_cBK
999 _c9990
_d9990